00623nam a2200169Ia 4500003000900000008004100009040001300050040001300063100002000076245009400096260001400190300000800204490000600212942000700218999001500225952021300240IT-RoPAU120407s9999 xx 000 0 und d aIT-RoPAU cIT-RoPAU aErnesto Olivero aIl lungo cammino verso Dio- Può un ateo diventare santo? Può un santo diventare ateo? aMondadori c cm v1 cBK c8488d8488 00102ddc40605_000000000000000_SPALLA__CG71aPAULUSbPAULUSd2012-04-11l0o05 spalla - CG.r2012-04-11 00:00:00w2012-04-11yBKzInserito da: Valentino In data: n.d. fondo: Fanella - Valentino Progr:13025